00377pab a2200133 454500008004000000100002000040245008200060260000900142300001300151362000800164650001400172700002200186773003500208180718b2001 xxu||||| |||| 00| 0 eng d aBaron, David P. aElections, governments and Parliaments in proportional representation systems c2001 ap.933-67 aAug aElections aDiermeier, Daniel aQuarterly Journal of Economics